Coldplay Songs by Emojis - Statistics

General Stats
  • This quiz has been taken 323 times
  • The average score is 6 of 12
Answer Stats
Hint Answer % Correct
🌌⭐⭐⭐ A Sky Full of Stars
83%
πŸŸ©πŸ‘€ Green Eyes
69%
πŸŽ„πŸ’‘πŸ’‘ Christmas Lights
66%
πŸ‘ΈπŸ‡¨πŸ‡³ Princess of China
57%
🐦🐦 Birds
51%
πŸŽ‡πŸŽ‡ Sparks
45%
πŸ‘©β€β€οΈβ€πŸ‘¨β¬‡οΈπŸ‡―πŸ‡΅ Lovers in Japan
44%
β˜ οΈβž•πŸ‘¬ Death and All His Friends
36%
πŸ’¨πŸ©Έβž‘οΈπŸ§‘ A Rush of Blood to the Head
32%
😭😭😭 Cry Cry Cry
25%
🚫😱 Don't Panic
25%
πŸ§­πŸ˜΅β— Lost!
17%
No matching quizzes found
Score Distribution
Percent of People with Each Score
Percentile by Number Answered
Your Score History
You have not taken this quiz